|
|
|
|
| LEADER |
00000cam a2200000 4500 |
| 001 |
vtls008831223 |
| 003 |
SK-MaSNL |
| 005 |
20260526133855.0 |
| 008 |
060717 1816 xo 000 0 lat |
| 015 |
|
|
|a SNBHFA
|
| 040 |
|
|
|a SNK
|b slo
|c SNKHF
|e rda
|
| 041 |
0 |
|
|a lat
|
| 044 |
|
|
|a xo
|c SK
|
| 072 |
|
7 |
|a 655
|x Polygrafia. Vydavateľstvá a knižný obchod
|2 konspekt
|
| 080 |
|
|
|a 655.3.066.23
|2 2011
|
| 100 |
1 |
|
|a Seberini, Ján,
|d 1780-1857
|4 aut
|9 218607
|
| 245 |
1 |
0 |
|a Pietatis Monumentum, Quod Serenissimo Ac Augustissimo Domino, Domino Carolo Augusto, Magno Duci Saxoniae nuper renunciato, Vimariensium at que Isenacensium Principi, Landgravio Thuringiae, Marchioni Misniae Principali Dignitate, Cómiti Hennebergae, Dynastae Blankenhaynii, Neostadii ac Tautenburgi, Incl. Ord. Caes. Russ. S. Andreae, S. Alex. Nevszky & A. Annae, nec non Reg. Boruss. nigrae aquilae Equ. rel.
|c Rectori Academiae Jenensis Magnificentissimo, Nomine Hungarorum Olim Academiae Huic Adscriptorum, Posuit Joannes Seberini, coetus E. Kochanocensis V. D. M. & Soc. Lat. atque miner. Jenensis vu: M. Ducalis Soc.
|
| 264 |
|
3 |
|a Posonii
|b Apud Josephum Landes, Bibliopolam
|c 1816
|
| 300 |
|
|
|a 40 strán
|c 23 cm
|
| 336 |
|
|
|a text
|b txt
|2 rdacontent
|
| 337 |
|
|
|a bez média
|b n
|2 rdamedia
|
| 338 |
|
|
|a zväzok
|b nc
|2 rdacarrier
|
| 562 |
|
|
|a Rukopisné poznámky.
|5 SNK SC 727/3 D1
|
| 650 |
0 |
7 |
|a príležitostné tlače
|2 SNKPH
|9 88198
|
| 700 |
1 |
|
|a Landes, Jozef,
|d zomrel 1842
|4 prt
|9 190362
|
| 752 |
|
|
|a Slovensko
|d Bratislava
|
| 852 |
|
|
|a snk
|p SC 727/3
|
| 958 |
|
|
|a DF
|
| 999 |
|
|
|c 1081973
|d 1083903
|
| 952 |
|
|
|a SNK
|b SNK
|y PREZ
|7 0
|p 17A0515797
|o snkSC 727/3 D1
|i snkF 515/67
|8 5
|3 Rekatalogizácia
|0 0
|1 0
|4 0
|d 2006-07-17
|l 0
|r 2026-02-24 16:28:34
|w 2026-02-24
|
| 952 |
|
|
|a SNK
|b SNK
|y PREZ
|7 0
|p 17A0515796
|o snkSC 727/3 D2
|i snkF 2768/68
|8 5
|3 Rekatalogizácia
|0 0
|1 0
|4 0
|d 2006-07-17
|l 0
|r 2026-02-24 16:28:34
|w 2026-02-24
|
| 952 |
|
|
|a SNK
|b SNK
|c SNK_KF
|y PREZ
|7 8
|p 17A0715180
|o snkSC 727/3
|i snk1821/29
|8 0
|3 rekatalogizácia
|0 0
|1 0
|4 0
|d 2011-11-14
|l 0
|r 2025-06-04 00:00:00
|w 2026-02-24
|